Những tác phẩm nổi tiếng thế giới; T4

Bộ sách gồm 4 tập, sưu tầm và giới thiệu những tác phẩm tiêu biểu của các nhà văn nổi tiếng trên thế giới bao gồm truyện ngắn và truyện vừa

में बचाया:
ग्रंथसूची विवरण
स्वरूप: पुस्तक
भाषा:Undetermined
प्रकाशित: Hà Nội Văn hóa 1997
विषय:
टैग : टैग जोड़ें
कोई टैग नहीं, इस रिकॉर्ड को टैग करने वाले पहले व्यक्ति बनें!
Thư viện lưu trữ: Trung tâm Học liệu Trường Đại học Cần Thơ
LEADER 00746nam a2200181Ia 4500
001 CTU_20306
008 210402s9999 xx 000 0 und d
020 |b 10.800đ 
082 |a 808.83 
082 |b Nh556/T4 
245 0 |a Những tác phẩm nổi tiếng thế giới; T4 
260 |a Hà Nội 
260 |b Văn hóa 
260 |c 1997 
520 |a Bộ sách gồm 4 tập, sưu tầm và giới thiệu những tác phẩm tiêu biểu của các nhà văn nổi tiếng trên thế giới bao gồm truyện ngắn và truyện vừa 
650 |a short stories 
904 |i Nguyễn Quang Điền, 971130 
980 |a Trung tâm Học liệu Trường Đại học Cần Thơ